WWE One Minute Quiz: Seth Rollins - Statistics

General Stats
  • This quiz has been taken 3,290 times
  • The average score is 4 of 5
Answer Stats
Question Answer % Correct
What Year Did Seth Rollins Debut? 2012
95%
What Year Did He Win The Money in The Bank Contract? 2014
95%
How Many Championships Has He Won? One
91%
How Old is He? (October 2014) Twenty-Seven
78%
What is His Real Name? Colby Lopez
42%
No matching quizzes found
Score Distribution
Percent of People with Each Score
Percentile by Number Answered
Your Score History
You have not taken this quiz